| 000 | 01612nam a2200457 i 4500 | ||
|---|---|---|---|
| 001 | 30876 | ||
| 003 | KOSZ 005 | ||
| 005 | 20210519121931.0 | ||
| 008 | 980702s1996 pl a f |000 0 pol | ||
| 015 | _aUWD 1996/12724 | ||
| 020 | _a2831703018 | ||
| 035 | _a991004303389705066 | ||
| 035 | _a(PL-WaBN)b11139134-48omnis_nlop | ||
| 035 | _ab11139134 | ||
| 035 | _a(OCoLC)751160561 | ||
| 035 | _a(PL)b0000001113913 | ||
| 035 | _a(EXLNZ-48OMNIS_NETWORK)9910253345805606 | ||
| 040 |
_aWA N _cWA N _dKOSZ 005/EG |
||
| 041 | 1 |
_apol _heng |
|
| 046 | _k1996 | ||
| 080 | _a504 | ||
| 245 | 0 | 0 |
_aWytyczne do procedury i wykonywania ocen oddziaływania na środowisko : _bpraca zbiorowa / _cpod red. Andrzeja Tyszeckiego ; [przekł. z ang. Hanna Piasecka] ; IUCN [The International World Conservation Union] - Program Europy. |
| 260 |
_aWarszawa : _bFundacja IUCN Poland, _c1996. |
||
| 300 |
_a151, [1] s. : _berr. ; _c24 cm. |
||
| 336 |
_aTekst _btxt _2rdacontent |
||
| 337 |
_aBez urządzenia pośredniczącego _bn _2rdamedia |
||
| 338 |
_aWolumin _bnc _2rdacarrier |
||
| 380 | _aKsiążki | ||
| 388 | _a1901-2000 | ||
| 388 | _a1989-2000 | ||
| 500 | _aGł. tł. z ang. | ||
| 650 | 7 |
_aDegradacja środowiska _2DBN |
|
| 650 | 7 |
_aBadania naukowe _2DBN |
|
| 650 | 7 |
_aOchrona środowiska _2DBN |
|
| 658 | _aOchrona środowiska | ||
| 700 | 1 |
_aPiasecka, Hanna _eTłumaczenie |
|
| 700 | 1 |
_aTyszecki, Andrzej _eRedakcja |
|
| 856 |
_uhttp://koha.tu.koszalin.pl/cgi-bin/koha/opac-detail.pl?biblionumber=30876 _yKatalog online BPK |
||
| 942 |
_2UKD _cKS |
||
| 999 |
_c30876 _d30876 |
||